00754nam a2200205 a 4500001001000000003000900010005001700019008004100036040002500077082002400102100003300126245008500159260004200244300002700286500003700313504003300350650004700383650006400430651005400494000021713DO-SdBNP20240619095657.0100910s1998 dr 000 0 spa d aDO-SdBNPbspacBNPHU 4a972.9365bP419c2221 aPenzo Devers, Gregorio Elias10aCompendio de la historia de Samaná 1493 - 1930 /cGregorio Elias Penzo Devers. aSanto Domingo :bAlfa y Omega,c1998. av. :bretrs. ;c21 cm. aLa biblioteca posee el volumen 1 aBibliografías : p. 367-371 4aCiudades y puebloszRepública Dominicana 4aSamaná (República Dominicana)xVida social y costumbres 4aSamaná (República Dominicana)xHistoria local